| 000 | 00555nam a2200145Ia 4500 | ||
|---|---|---|---|
| 003 | GCL | ||
| 008 | 140319s9999 xx 000 0 ara d | ||
| 040 |
_aGCL / _cGCL |
||
| 082 | 0 | 4 |
_a953.0715 _bس ب |
| 100 | 1 | _aسحر السيد عبدالعزيز سالم | |
| 245 | 1 | 0 |
_aبنو خطاب بن عبدالجبار التدميرى : اسرة من المولدين بمرسيه فى العصر الاسلامى / _cسحر السيد عبدالعزيز سالم |
| 260 |
_a[S.N] : _bمؤسسة شباب الجامعة ، _c1989 |
||
| 300 | _a99 | ||
| 490 | _a | ||
| 999 |
_c31494 _d31494 |
||